000 00632nam a2200169Ia 4500
008 090711s9999 xx 000 0 und d
082 _b69920
100 _aपरुळेकर आशा
245 _aसुजाण पालकत्व सुंदर बालसंगोपन
260 _c1992
300 _a126
600 _aपरुळेकर आशा
630 _aसुजाण पालकत्व सुंदर बालसंगोपन
700 _aपरुळेकर आशा
730 _aसुजाण पालकत्व सुंदर बालसंगोपन
942 _cBOOK
999 _c320527
_d320527